000 00779nam a2200217 i 4500
001 101922
003 ES-MaACL
005 20251112171204.0
007 t|
008 051028s1917 sp ||||1| spa d
100 1 _aMelón y Ruiz de Gordejuela, Amando,
_d1895-1975
_980024
245 1 0 _aLupercio Latrás y la guerra de moriscos y montañeses en Aragón a fines de siglo XVI
_b: tesis doctoral /
_cAmando Melón y Ruiz de Gordejuela.
260 _aZaragoza :
_bHeraldo de Aragón,
_c1917.
300 _a86 p., LVI ;
_c22 cm.
502 _aTesis Doctoral.
600 1 7 _aLatrás de Mur, Lupercio,
_d1566-1592?
_2
_9165152
650 4 _aMoriscos-
_zAragón.
_9165153
651 4 _aAragón-
_xHistoria-
_yS.XVI.
_9143554
852 _aES-MaACL
_jC-2878
999 _c101922
_d101922